A preface to eighteenth century poetry / (Record no. 10152)
[ view plain ]
| 000 -LEADER | |
|---|---|
| fixed length control field | 00856cam a22002531i 4500 |
| 001 - CONTROL NUMBER | |
| JCCL Control Number | 10152 |
| 003 - CONTROL NUMBER IDENTIFIER | |
| JCCL marc code | BD-JhCC |
| 005 - DATE AND TIME OF LATEST TRANSACTION | |
| control field | 20180418185404.0 |
| 008 - FIXED-LENGTH DATA ELEMENTS--GENERAL INFORMATION | |
| fixed length control field | 781218s1948 enk b 001 0 eng |
| 035 ## - SYSTEM CONTROL NUMBER | |
| system control number | (OCoLC)4471294 |
| -- | (BD-JhCC)10152 |
| 040 ## - CATALOGING SOURCE | |
| Original cataloging agency | DLC |
| Transcribing agency | LNT |
| Modifying agency | TNJ |
| -- | DLC |
| -- | BD-JhCC |
| 041 ## - LANGUAGE CODE | |
| Language code of Book | eng |
| 050 00 - LIBRARY OF CONGRESS CALL NUMBER | |
| Classification number | PR551 |
| Item number | .S8 |
| 082 ## - DEWEY DECIMAL CLASSIFICATION NUMBER | |
| Classification number | 821.509 |
| Author mark and Year | SUT 1948 |
| 100 1# - MAIN ENTRY--PERSONAL NAME | |
| Personal name | Sutherland, James Runcieman, |
| Dates associated with a name | 1900-1996. |
| 245 12 - TITLE STATEMENT | |
| Title | A preface to eighteenth century poetry / |
| Statement of responsibility, etc | by James Sutherland. |
| 260 ## - PUBLICATION, DISTRIBUTION, ETC. (IMPRINT) | |
| Place of publication, distribution, etc | Oxford : |
| Name of publisher, distributor, etc | Clarendon Press, |
| Date of publication, distribution, etc | 1948, 1950 printing. |
| 300 ## - PHYSICAL DESCRIPTION | |
| Pagination | vi, 175 p. ; |
| Dimensions | 23 cm. |
| 500 ## - GENERAL NOTE | |
| General note | "Reprinted lithographically ... from corrected sheets of the first edition." |
| 504 ## - BIBLIOGRAPHY, ETC. NOTE | |
| Bibliography, etc | Includes bibliographical references and index. |
| 650 #0 - SUBJECT ADDED ENTRY--TOPICAL TERM | |
| Topical term or geographic name as entry element | English poetry |
| Chronological subdivision | 18th century |
| General subdivision | History and criticism. |
| 942 ## - ADDED ENTRY ELEMENTS (KOHA) | |
| Source of classification or shelving scheme | Dewey Decimal Classification |
| Koha item type | Books |
| Source of classification or shelving scheme | Damaged status | Not for loan | Home library | Current library | Shelving location | Date of accession | Total Checkouts | Full call number | Barcode | Date last seen | Copy number | Koha item type |
|---|---|---|---|---|---|---|---|---|---|---|---|---|
| Dewey Decimal Classification | JCC Rouf Library | JCC Rouf Library | General Stacks | 04/17/2018 | 821.509 SUT 1948 | 12201 | 04/18/2018 | C-1 | Books |